| 000 | 00450nam a2200181Ia 4500 | ||
|---|---|---|---|
| 008 | 180424s9999 xx 000 0 und d | ||
| 020 | _a137961774 | ||
| 084 | _a762.077 B1 | ||
| 100 | _a"Bunn, John W" | ||
| 245 | 0 | _aScientific Principles of Coaching | |
| 250 | _a\\197202ENGGPSX | ||
| 260 | _aPrentice Hall | ||
| 260 | _b1972 | ||
| 260 | _cEnglewood Cliffs | ||
| 300 | _axi+338p | ||
| 500 | _aincludes index and biblioraphy | ||
| 942 | _cBK | ||
| 999 |
_c39710 _d39710 |
||